Welcome to the Holygrace Academy Library

Please use search bar below to get started

ORIKKALUM NADANNITTILLATHA AKRAMANAM (Record no. 1150)

MARC details
000 -LEADER
fixed length control field 00436nam a22001457a 4500
020 ## - INTERNATIONAL STANDARD BOOK NUMBER
ISBN 81-85137-41-2
082 ## - DEWEY DECIMAL CLASSIFICATION NUMBER
Classification number 894-812
Item number DAN/O
100 ## - MAIN ENTRY--AUTHOR NAME
Personal name K.R.RAMAKRISHNAN
245 ## - TITLE STATEMENT
Title ORIKKALUM NADANNITTILLATHA AKRAMANAM
Remainder of title ORIKKALUM NADANNITTILLATHA AKRAMANAM
246 ## - VARYING FORM OF TITLE
Title proper/short title ORIKKALUM NADANNITTILLATHA AKRAMANAM
Remainder of title ORIKKALUM NADANNITTILLATHA AKRAMANAM
260 ## - PUBLICATION, DISTRIBUTION, ETC. (IMPRINT)
Place of publication MYSORE
Name of publisher TECH PRINTS
Year of publication 1996
300 ## - PHYSICAL DESCRIPTION
Number of Pages 141
650 ## - SUBJECT ADDED ENTRY--TOPICAL TERM
Topical Term ABOUT WAR
942 ## - ADDED ENTRY ELEMENTS (KOHA)
Koha item type Books
Holdings
Withdrawn status Lost status Collection code Home library Current library Shelving location Date acquired Source of acquisition Cost, normal purchase price Full call number Accession Number Koha item type
    Non-fiction Main Library Main Library SHELF 6 B MALAYALAM QUIZ,RIDDLES,HUMOUR,PAZHAMCHOLLUKAL 08/05/2006 Purchase 70.00 894-812 DAN/O 02705 Books